000 00632nam a2200253Ia 4500
005 20260121154729.0
008 008 260114s9999 xx 000 0 eng d
020 _a9781003022480
037 _aEBOOK
040 _aCRL
040 _beng
040 _cCRL
041 _2eng
041 _aeng
084 _qCRL
100 _a Colleen Reichmann; Jennifer Rollin
_91010792
245 4 _aThe Inside Scoop on Eating Disorder Recovery
260 _bTaylor and Francis
260 _c2021
856 _uhttp://www.taylorfrancis.com/books/9781003022480
942 _cEBOOK
999 _c1577613
_d1577613